| 000 | 00407ntaaa2200169 4500 | ||
|---|---|---|---|
| 003 | 01 | ||
| 005 | 20251027202449.0 | ||
| 008 | 0714s1973 ag 01 | ||
| 040 |
_aAR-BaBN _bspa _cAR-BaBN _eaacr _dRIC |
||
| 082 | _a266.0980 C74 | ||
| 245 | _aA tent-making ministry | ||
| 250 | _a1 ed. | ||
| 260 |
_aGeneva : _bWorld Council of Churches, _cn.f. |
||
| 300 | _a16 p. | ||
| 500 | _aestudio misionero | ||
| 942 | _cBK | ||
| 999 |
_c19646 _d19646 |
||